000 01425nam0a2200337 4500
001 RU\NLR\BIBL_A\022297445
005 20260420013316.0
010 _a978-5-7057-6307-8
_91500
021 _aRU
_bКН-П-24-037074
_9КН-П-24-3714
035 _a(NLR Aleph) 022297445
090 _a13662621
_c13662621
100 _a20240812d2024 u y0rusy50 ca
101 0 _arus
102 _aRU
105 _ay z 000yy
181 0 _ai4
_baxxe
182 0 _an
200 1 _aРечевые игры
_eактивизация словаря. Формирование лексико-грамматических категорий. Развитие речеслухового внимания, памяти, мышления
_e[пособие]
_fН. Н. Бутусова
203 _aТекст
_bвизуальный
_cнепосредственный
210 _aВолгорад
_cУчитель
_d[2024]
215 _a146 с.
_d20
225 1 _aВ поиощь логопеду
225 1 _aФГОС ДО
225 1 _aФОП ДО
606 1 _aДетская речь
_jРуководства, пособия и т.п
_xДефекты
_xИсправление
_xИгровые методы
_91580766
_3RU\NLR\AUTH\66693681
686 1 _aЧ437.92я7
700 1 _aБутусова
_bН. Н.
_gНаталья Николаевна
942 _cBOOK
980 _aNB